Normal view
MARC view
- Lang, Kevin
Entry Personal Name
001 - CONTROL NUMBER
- control field: 133558
003 - CONTROL NUMBER IDENTIFIER
- control field: NUST
005 - DATE AND TIME OF LATEST TRANSACTION
- control field: 20260303142040.0
008 - FIXED-LENGTH DATA ELEMENTS
- fixed length control field: 260303|| aca||aabn | a|a d
040 ## - CATALOGING SOURCE
- Original cataloging agency: NUST
- Transcribing agency: NUST
100 ## - HEADING--PERSONAL NAME
- Personal name: Lang, Kevin
670 ## - SOURCE DATA FOUND
- Source citation: Work cat.: (NUST): Lang, Kevin., AutoCAD Tutor for Engineering Graphics: 2013 and Beyond /, 2013.
